00589nam a2200169Ia 4500008004100000020001800041041000800059082001800067100001900085245011000104250000600214260003300220300001100253650000900264999001900273952012700292210716s2005 xx 000 0 und d a9788174464514 aeng a155.9042 SHAU aSharma, Umesh. aStress management: through ancient wisdom and modern science.bThrough ancient wisdom and modern science. a1 aNew DelhibExcel Booksc2005 axv,372 aNone c201741d201741 001040708MBAaAIMITbAIMITd2007-03-12g275.00l0o155.9042 SHAUpMBA04307r2026-05-23 00:00:00v220.00w2021-07-16yBK